| 000 | 00704nam a2200169 i 4500 | ||
|---|---|---|---|
| 001 | 182113 | ||
| 003 | ES-MaACL | ||
| 005 | 20230906221530.0 | ||
| 008 | 130617s1876 sp |||| | spa d | ||
| 110 | 2 |
_aAteneo de los Alumnos Internos de la Facultad de Medicina de Madrid. _9151183 |
|
| 245 | 1 | 0 | _aReglamento del Ateneo de Alumnos Internos de la Facultad de Medicina de Madrid. |
| 260 |
_a[Madrid : _bAteneo de los Alumnos Internos de la Facultad de Medicina, _c1876?] |
||
| 300 |
_a16 p. ; _c20 cm. |
||
| 594 | _aTít. tomado del principio del texto. | ||
| 610 | 2 | 4 |
_aAteneo de los Alumnos Internos de la Facultad de Medicina de Madrid. _9151183 |
| 852 |
_aES-MaACL _jT-366-F-24 _z- Ejempl. sin portada |
||
| 999 |
_c182113 _d182113 |
||